000 01035cam a2200217 4500
001 ##L135228
008 061005n2006 000 0 eng u
035 _a(Sirsi) u135228
041 0 _aeng
050 0 4 _a333.33 $2 18
110 2 _aHBOS plc
_94703
245 0 0 _aHalifax house price index national index
_bJuly 2006
260 _aLondon
_bHBOS
_c2006
490 0 _aHalifax House Price Index
_vJuly 2006
520 _aHouse prices increased by 0.2% in July following successive declines in May and June. Annual house inflation is now 8.8%. The Halifax forecast for house price growth in 2006 is increased from 3% to 5%, well below the long-term average of 8%. The standardised average house price (seasonally adjusted) stands at £177 020.
650 2 4 _aHALIFAX HOUSE PRICE INDEX
651 4 _aUnited Kingdom
_y
690 _aPROPERTY-RESIDENTIAL PROPERTY-RESIDENTIAL PROPERTY MARKET
856 4 0 _uhttps://www.hbosplc.com/economy/housingresearch.asp
_zView the national index free of charge at www.hbosplc.com...
942 _n0
999 _c105956
_d105956